01661nam a2200385 a 4500001001200000003000800012006001900020007001500039008004100054010001700095020002500112020002200137020002700159040002100186035002100207050002800228082001800256100002700274245010300301260002900404300001700433500005200450504006800502505022300570533015200793650002500945650001600970650003300986650003801019655002901057700002901086710001701115856012601132999001701258ebr10583803CaPaEBRm u cr cn|||||||||100625r20091997enk sb 001 0 eng d z 2010455466 z9781855757288 (pbk.) z1855757281 (pbk.) z9781849409957 (e-book) aCaPaEBRcCaPaEBR a(OCoLC)80834121414aRC455.4.A84bH43 2009eb04a616.89/142221 aHeard, Dorothy,d1916-14aThe challenge of attachment for caregivingh[electronic resource] /cDorothy Heard and Brian Lake. aLondon :bKarnac,c2009. aviii, 229 p. aOriginally published: London : Routledge, 1997. aIncludes bibliographical references (p. [208]-217) and indexes.0 apt. 1. The conceptual base for a theory of companionable caregiving -- pt. 2. The construction of a theory of companionable caregiving -- pt. 3. Principles of therapy guided by an attachment-based theory of caregiving. aElectronic reproduction.bPalo Alto, Calif. :cebrary,d2011.nAvailable via World Wide Web.nAccess may be limited to ebrary affiliated libraries. 0aAttachment behavior. 0aCaregivers. 0aPsychotherapist and patient. 0aObject relations (Psychoanalysis) 7aElectronic books.2local1 aLake, Brian,d1922-2007.2 aebrary, Inc.40uhttp://site.ebrary.com/lib/rucke/Doc?id=10583803zAn electronic book accessible through the World Wide Web; click to view c82764d82764